000
00320nam a2200121 a 4500
008
100917s1989|||| d
100
1
_a
Doctorow, E.L.
245
1
0
_a
Tvorba národov
_b
Vitajte v ťažkých časoch
260
_b
Slovenský spisovateľ
_a
Bratislava
_c
1989
020
_c
25
044
_a
xo
_c
SK
041
_a
slo
999
_c
10439
_d
10439